[Event "25th Open"]
[Site "Cappelle la Grande FRA"]
[Date "2009.03.02"]
[Round "3"]
[White "Degraeve,JM"]
[Black "Smirnov,I UKR"]
[Result "1-0"]
[WhiteElo "2553"]
[BlackElo "2505"]

1.e4 d5 2.exd5 Qxd5 3.Nc3 Qd6 4.d4 Nf6 5.Nf3 c6 6.Ne5 Nbd7 7.Bf4 Nd5 8.Nxd5 Qxd5
9.Be2 Nxe5 10.Bxe5 Qxg2 11.Bf3 Qg6 12.Qe2 Qe6 13.d5 cxd5 14.O-O-O f6 15.Bxd5 Qxe5
16.Qc4 e6 17.Rhe1 Qxd5 18.Qxd5 Be7 19.Rxe6 Bxe6 20.Qxe6 Rd8 21.Rxd8+ Kxd8
22.Qe4  1-0

[Event "41st WGM"]
[Site "Belgrade SRB"]
[Date "2009.03.05"]
[Round "3"]
[White "Eric,J"]
[Black "Voiska,M"]
[Result "0-1"]
[WhiteElo "2126"]
[BlackElo "2339"]

1.e4 d5 2.exd5 Qxd5 3.Nc3 Qd6 4.d4 Nf6 5.Nf3 c6 6.g3 Bg4 7.Bg2 e6 8.O-O Be7
9.Bf4 Qb4 10.Qd2 O-O 11.a3 Qb6 12.h3 Bxf3 13.Bxf3 Nd5 14.Nxd5 cxd5 15.h4 Nc6
16.c3 Na5 17.Rab1 Nc4 18.Qe2 Bd6 19.Bxd6 Qxd6 20.Qc2 b5 21.Be2 Rac8 22.Bd3 h6
23.Bxc4 Rxc4 24.Qd3 Rfc8 25.Rbd1 a5 26.Rd2 b4 27.axb4 axb4 28.cxb4 Rxb4 29.Kg2 Qb6
30.Rb1 Rcc4 31.Ra1 f5 32.Qe2 Rxd4 33.Rxd4 Rxd4 34.Ra6 Re4 35.Qxe4 Qxa6 36.Qe5 Qc6
37.Kh2 Qb6 38.Kg2 Kf7 39.h5 Qc6 40.Kg1 Qc1+ 41.Kg2 Qc6 42.Kg1 Qb6 43.g4 fxg4
44.Qf4+ Kg8 45.Qxg4 d4 46.Qe4 Kf7 47.Qf3+ Ke8 48.Qg3 Qxb2 49.Qg6+ Kf8 50.Qxe6 Qc1+
51.Kg2 Qg5+ 52.Kf1 Qb5+ 53.Kg2 Qc5 54.Qd7 Qg5+ 55.Kf1 Qe5 56.Qd8+ Kf7 57.Qd7+ Kf6
58.Qd8+ Kf5 59.Qd7+ Kg5 60.Qf7 Qf6 61.Qd5+ Kf4 62.f3 Kg3 63.Ke2 Qf4 64.Qd7 Qxf3+
65.Kd2 Qg4 66.Qd5 Qg5+  0-1

[Event "TCh-AUT 2nd Bundesliga West 2008-9"]
[Site "Austria AUT"]
[Date "2009.03.06"]
[Round "9"]
[White "Bertagnolli,A"]
[Black "Grafl,F"]
[Result "0-1"]
[WhiteElo "2322"]
[BlackElo "2396"]

1.e4 d5 2.exd5 Qxd5 3.Nc3 Qd6 4.d4 Nf6 5.g3 Bg4 6.f3 Bf5 7.Bf4 Qb4 8.Qd2 Nc6
9.O-O-O O-O-O 10.d5 e6 11.dxc6 Rxd2 12.Rxd2 Qa5 13.cxb7+ Kxb7 14.Bc4 e5 15.Be3 Be6
16.Bb3 Bc5 17.Bxc5 Qxc5 18.Nd1 Bxb3 19.axb3 e4 20.Nc3 Qe3 21.Nd1 Qe1 22.Re2 Qf1
23.Rf2 Qa6 24.Kb1 Rd8 25.Nh3 exf3 26.Ng5 Rd5 27.Nxf3 Ra5 28.c4 Ng4 29.Re2 Qg6+
30.Kc1 Qd3  0-1

[Event "10th EICC"]
[Site "Budva MNE"]
[Date "2009.03.06"]
[Round "1"]
[White "Minasian,Art"]
[Black "Medancic,R"]
[Result "1-0"]
[WhiteElo "2557"]
[BlackElo "2242"]

1.e4 d5 2.exd5 Qxd5 3.Nc3 Qd6 4.d4 Nf6 5.Nf3 Bg4 6.Be2 c6 7.O-O e6 8.h3 Bh5
9.Bg5 Nbd7 10.Qd2 Qc7 11.Ne5 Bxe2 12.Qxe2 Be7 13.Rad1 O-O 14.f4 Rfe8 15.Rd3 c5
16.Nxd7 Nxd7 17.Bxe7 cxd4 18.Rxd4 Qb6 19.Rd1 Rxe7 20.Nd5 exd5 21.Qxe7 Nf6
22.Qb4 Qc7 23.c4 a5 24.Qb5 dxc4 25.Rxc4 Qe7 26.Qe5 Qf8 27.Rc7 Re8 28.Qc5  1-0

[Event "25th Open"]
[Site "Cappelle la Grande FRA"]
[Date "2009.03.07"]
[Round "9"]
[White "Mamedov,Nid"]
[Black "Kharitonov,Alexandr"]
[Result "1/2-1/2"]
[WhiteElo "2607"]
[BlackElo "2537"]

1.e4 d5 2.exd5 Qxd5 3.Nc3 Qd6 4.d4 Nf6 5.Nf3 c6 6.Ne5 Nbd7 7.Bf4 Nd5 8.Nxd5 Qxd5
9.Nf3 Nb6 10.Be2 Bf5 11.O-O Qe4 12.Bc7 Qxc2 13.Bxb6 axb6 14.d5  1/2-1/2

[Event "10th EICC w"]
[Site "St Petersburg RUS"]
[Date "2009.03.08"]
[Round "1"]
[White "Shadrina,T"]
[Black "Papadopoulou,V"]
[Result "1/2-1/2"]
[WhiteElo "2416"]
[BlackElo "2190"]

1.e4 d5 2.exd5 Qxd5 3.Nc3 Qd6 4.d4 Nf6 5.Nf3 c6 6.Be3 Bg4 7.h3 Bh5 8.g4 Bg6
9.Ne5 Nbd7 10.Nxg6 hxg6 11.Qf3 Nd5 12.Nxd5 Qxd5 13.Bg2 Qxf3 14.Bxf3 e6 15.c4 Bd6
16.O-O-O O-O-O 17.Kc2 Kb8 18.Bg2 f5 19.Bg5 Rde8 20.Rd3 Nf6 21.gxf5 exf5 22.Rf1 Nh5
23.Bf3 Nf4 24.Bxf4 Bxf4 25.Rh1 g5 26.d5 cxd5 27.Rxd5 Rd8 28.Rxf5 Rd2+ 29.Kc3 Rxf2
30.Bg4 Rd8 31.Rd5 Re8 32.Rhd1 Be5+ 33.Kd3 Bxb2 34.Rd7 Bf6 35.Rb1 Rb2 36.Rxb2 Bxb2
37.Bf3 b6 38.Rb7+ Kc8 39.Rxa7 Be5 40.Rf7 Bf6 41.c5 bxc5 42.a4 Re7 43.Rf8+ Kc7
44.a5 Rd7+ 45.Kc2 c4 46.Bg4 Re7 47.Rc8+ Kb7 48.Rxc4 Rc7 49.Bf3+ Kb8 50.Bc6 Ka7
51.Kb3 Be7 52.Ka4 Rc8 53.Rc2 Rd8 54.Re2 Rd4+ 55.Kb3 Bf6 56.Bb5 g4 57.hxg4 Rxg4
58.Re8 Rd4 59.Rf8 Rb4+ 60.Kxb4  1/2-1/2

[Event "10th EICC w"]
[Site "St Petersburg RUS"]
[Date "2009.03.09"]
[Round "2"]
[White "Zimina,O"]
[Black "Lomako,A"]
[Result "1-0"]
[WhiteElo "2363"]
[BlackElo "2277"]

1.e4 d5 2.exd5 Qxd5 3.Nc3 Qd6 4.d4 Nf6 5.Nf3 a6 6.g3 Bg4 7.h3 Bh5 8.Bg2 Nc6
9.O-O O-O-O 10.Be3 e5 11.dxe5 Nxe5 12.g4 Qxd1 13.Raxd1 Rxd1 14.Rxd1 Nxf3+
15.Bxf3 Bg6 16.g5 Nd7 17.Bg4 Bd6 18.Nd5 h5 19.gxh6 f5 20.hxg7 Rg8 21.Bf4 Bc5
22.Be2 Rxg7 23.Nxc7 Bf7+ 24.Kf1 Rh7 25.Rd3 Nf6 26.Na8 b6 27.b4 Bxb4 28.Rd4 Kb7
29.Rxb4 Nd5 30.Bf3 Rxh3 31.Nxb6 a5 32.Bxd5+ Bxd5 33.Rb2 Bf3 34.Ke1 Rh4 35.Be3 Kc6
36.Nc8 f4 37.Bd4  1-0

[Event "41st WGM"]
[Site "Belgrade SRB"]
[Date "2009.03.10"]
[Round "8"]
[White "Petrenko,S"]
[Black "Voiska,M"]
[Result "1/2-1/2"]
[WhiteElo "2251"]
[BlackElo "2339"]

1.e4 d5 2.exd5 Qxd5 3.Nc3 Qd6 4.d4 Nf6 5.Nf3 c6 6.Ne5 Nbd7 7.f4 Nb6 8.Be2 g6
9.O-O Bg7 10.Be3 O-O 11.Qd2 Nbd5 12.Nxd5 cxd5 13.Bd3 Ne4 14.Qe1 a5 15.a4 Qc7
16.c4 Nf6 17.c5 Ng4 18.Nxg4 Bxg4 19.f5 Bxf5 20.Bxf5 gxf5 21.Rxf5 Qd7 22.Rh5 Ra6
23.Qh4 Rg6 24.h3 Bf6 25.Qf4 e6 26.b3 Bd8 27.Qf2 Bc7 28.Bh6 Re8 29.Rg5 Bd8
30.Rxg6+ hxg6 31.Rf1 f6 32.h4 Qh7 33.Qd2 Kf7 34.Qf4 Kg8 35.Qd2 Kf7 36.Qf4 Kg8
37.Qd2  1/2-1/2

[Event "10th EICC"]
[Site "Budva MNE"]
[Date "2009.03.10"]
[Round "5"]
[White "Caruana,F"]
[Black "Milanovic,Da"]
[Result "0-1"]
[WhiteElo "2646"]
[BlackElo "2552"]

1.e4 d5 2.exd5 Qxd5 3.Nc3 Qd6 4.d4 Nf6 5.Nf3 c6 6.Ne5 Nbd7 7.Bf4 Nd5 8.Nxd5 Qxd5
9.Be2 Nxe5 10.Bxe5 Qxg2 11.Bf3 Qg6 12.Qe2 h5 13.O-O-O Bg4 14.h3 Bxf3 15.Qxf3 Qe6
16.Kb1 f6 17.Bh2 Qd5 18.Qd3 e6 19.Qg6+ Ke7 20.Rhe1 Rd8 21.Ka1 Rh6 22.Qd3 Kf7
23.c4 Qf5 24.Qe3 Rd7 25.a3 Be7 26.Rd3 Rh8 27.Qe2 Rhd8 28.Rf3 Qh7 29.Qxe6+ Kf8
30.Rfe3 Qg6 31.d5 cxd5 32.cxd5 Qf7 33.Qe4 Bc5 34.R3e2 Rxd5 35.Qc2 b6 36.Bf4 Rd3
37.Rd2 Qd5 38.Red1 Rxd2 39.Bxd2 Qd3 40.Qa4 a5 41.h4 Kg8 42.Ka2 Bxf2  0-1

[Event "10th EICC"]
[Site "Budva MNE"]
[Date "2009.03.10"]
[Round "5"]
[White "Kalezic,B"]
[Black "Plenkovic,Z"]
[Result "0-1"]
[WhiteElo "2460"]
[BlackElo "2354"]

1.e4 d5 2.exd5 Qxd5 3.Nc3 Qd6 4.d4 g6 5.Nf3 Bg7 6.Nb5 Qb6 7.Bf4 Na6 8.a4 Nf6
9.Bc4 O-O 10.O-O c6 11.Bc7 Nxc7 12.a5 Qxb5 13.Bxb5 cxb5 14.Re1 Be6 15.Ng5 Rad8
16.Nxe6 Nxe6 17.c3 a6 18.Qf3 Nd5 19.h4 Rd6 20.h5 Rc8 21.hxg6 hxg6 22.g3 b4
23.Rac1 Bh6 24.Rb1 bxc3 25.bxc3 Rxc3 26.Qh1 Bd2 27.Red1 Nxd4 28.Rxb7 Nf3+
29.Kg2 Kg7 30.Rb8 Bh6 31.Rh8 Nf4+ 32.gxf4 Rxd1 33.Qxd1 Kxh8 34.Qd8+ Kg7 35.Qb6 Bxf4
36.Qxa6 Ra3 37.Qb5 Be5 38.a6 Nh4+ 39.Kf1 Ra1+ 40.Ke2 Bd4 41.f4 Nf5 42.Qb7 Ra3
43.Kd1 Ra2 44.Kc1 Ne3 45.Qe4 Nf5 46.Qb7 e6 47.Kb1 Ra3 48.Kc1 Be3+ 49.Kb2 Ra4
50.Qb5 Bd4+ 51.Kb1 Ra3 52.Kc1 Rc3+ 53.Kd2 Rc7 54.Kd3 Re7 55.Qc6 e5 56.fxe5 Rxe5
57.Qc7 Re3+ 58.Kd2 Ra3 59.Qb7 Be3+ 60.Ke1 Ra2 61.Qb5 Ra1+ 62.Ke2 Nd4+  0-1

[Event "10th EICC"]
[Site "Budva MNE"]
[Date "2009.03.11"]
[Round "6"]
[White "Ceranic,M"]
[Black "Medancic,R"]
[Result "1/2-1/2"]
[WhiteElo "2147"]
[BlackElo "2242"]

1.e4 d5 2.exd5 Qxd5 3.Nc3 Qd6 4.Nf3 Bg4 5.Be2 Nf6 6.h3 Bh5 7.d4 e6 8.O-O Be7
9.Nb5 Qd8 10.Bf4 Na6 11.c4 O-O 12.a3 c6 13.Nc3 Nb8 14.Re1 Nbd7 15.Ne5 Bxe2
16.Qxe2 a5 17.Rad1 Re8 18.Rd3 Qb6 19.Nxd7 Nxd7 20.Ne4 Nf6 21.Nd6 Rf8 22.Be5 Nd7
23.c5 Qa6 24.Rg3 Nxe5 25.Qxe5 g6 26.Nf5 exf5 27.Qxe7 Qc4 28.Qxb7 Qxd4 29.Qxc6 Rac8
30.Qb6 Rb8 31.Qxa5 Rxb2 32.Rf3 Rc2 33.Qb4 Rc4 34.Qb3 Qxc5 35.Rd3 Rc2 36.Rf1 Re8
37.Rd7 Qc4 38.Qxc4 Rxc4 39.Rfd1 Re6 40.R7d4 Rc2 41.R4d2  1/2-1/2

[Event "10th EICC w"]
[Site "St Petersburg RUS"]
[Date "2009.03.11"]
[Round "4"]
[White "Zakurdjaeva,I"]
[Black "Lelekova,O"]
[Result "1-0"]
[WhiteElo "2295"]
[BlackElo "2222"]

1.e4 d5 2.exd5 Qxd5 3.Nc3 Qd6 4.d4 Nf6 5.Nf3 a6 6.g3 Bg4 7.Bg2 Nc6 8.O-O O-O-O
9.h3 Bh5 10.Bf4 Qb4 11.a3 Qxb2 12.Qd2 Bg6 13.Ra2 Qb6 14.Rb1 Qa5 15.Ne5 Nxe5
16.Bxb7+ Kb8 17.Bxe5 Nd7 18.Rab2 f6 19.Bxa6+ Ka8 20.Nb5  1-0

[Event "10th EICC w"]
[Site "St Petersburg RUS"]
[Date "2009.03.11"]
[Round "4"]
[White "Khukhashvili,S"]
[Black "Ushenina,A"]
[Result "1/2-1/2"]
[WhiteElo "2416"]
[BlackElo "2499"]

1.e4 d5 2.exd5 Qxd5 3.Nc3 Qd6 4.d4 Nf6 5.Nf3 c6 6.g3 Bg4 7.Bg2 e6 8.a3 Qc7
9.h3 Bxf3 10.Qxf3 Nbd7 11.g4 Bd6 12.g5 Nd5 13.Ne4 Bf4 14.c4 Bxc1 15.Rxc1 Nf4
16.O-O O-O 17.Rfe1 f6 18.h4 fxg5 19.hxg5 c5 20.Rcd1 cxd4 21.Rxd4 Ne5 22.Qg3 Neg6
23.Bf1 Rad8 24.Rxd8 Qxd8 25.c5 Qd5 26.b4 Ne5 27.Re3 Neg6 28.Nc3 Qd2 29.Re4 Rf5
30.Re3 Ne5 31.Ne4 Qd5 32.Bh3 Nxh3+ 33.Qxh3 Rf4 34.Nc3 Qc4 35.Rg3 Rf5 36.Qg2 Qd4
37.Re3 Nd3 38.Nb5 Qa1+ 39.Qf1 Rxg5+ 40.Rg3 Rxg3+ 41.fxg3 Nc1  1/2-1/2

[Event "10th EICC"]
[Site "Budva MNE"]
[Date "2009.03.12"]
[Round "7"]
[White "Erdogdu,M"]
[Black "Plenkovic,Z"]
[Result "1/2-1/2"]
[WhiteElo "2460"]
[BlackElo "2354"]

1.e4 d5 2.exd5 Qxd5 3.Nc3 Qd6 4.d4 g6 5.Bc4 Bg7 6.Nf3 Nf6 7.Ne5 O-O 8.O-O a6
9.Re1 c5 10.dxc5 Qxc5 11.Bb3 Nbd7 12.Na4 Qd6 13.Qxd6 exd6 14.Nxd7 Bxd7 15.Nb6 Rad8
16.Nxd7 Rxd7 17.c3 d5 18.Rd1 Re8 19.Kf1 Red8 20.Be3 Rd6 21.Bd4 Ne4 22.a3 Bxd4
23.Rxd4 Nc5 24.Ba2 Ne6 25.Rd2 d4 26.Bxe6 fxe6 27.Rad1 e5 28.Ke2 Kf7 29.cxd4 exd4
30.Kd3 Rc6 31.Re1 b5 32.Re4 Rcd6 33.Rc2 R8d7 34.Rc5 Kf6 35.g4 Kg7 36.h4 Rf6
37.f4 Rdf7 38.Kxd4 Rxf4 39.Re5 Rf2 40.b4 R2f3 41.Re3 R7f4+ 42.R5e4 Rxe4+
43.Kxe4 Rf1 44.Kd5 Rh1 45.Re7+ Kg8 46.Ke6 Rxh4 47.Kf6 Kf8 48.Ra7 Ke8 49.g5 Rf4+
50.Kg7 Rg4 51.Kxh7 Rxg5 52.Rxa6 Kf7 53.Ra7+ Kf6 54.Ra6+ Kf7 55.Ra7+ Kf6 56.Ra6+ Kf7
57.Ra7+ Kf6 58.Ra6+ Kf7  1/2-1/2

[Event "10th EICC w"]
[Site "St Petersburg RUS"]
[Date "2009.03.12"]
[Round "5"]
[White "Mammadova,G"]
[Black "Zimina,O"]
[Result "1-0"]
[WhiteElo "2175"]
[BlackElo "2363"]

1.e4 d5 2.exd5 Qxd5 3.Nc3 Qd6 4.d4 Nf6 5.Be3 c6 6.h3 Nbd7 7.Qd2 Nb6 8.Nf3 Bf5
9.Ne5 Nfd5 10.Nxd5 Nxd5 11.c4 Nxe3 12.fxe3 f6 13.c5 Qc7 14.Bd3 Bxd3 15.Nxd3 O-O-O
16.Nf4 Qd7 17.Qa5 e5 18.Ne2 exd4 19.exd4 Re8 20.Qxa7 g6 21.Qa8+ Kc7 22.Qa5+ Kc8
23.Qa8+ Kc7 24.Qa5+ Kb8 25.Qd2 Qe6 26.Kf2 Bh6 27.Qxh6 Qxe2+ 28.Kg1 Qxb2 29.Qf4+ Ka8
30.Kh2 Re2 31.Rhb1 Qd2 32.Qc7 Rb8 33.Rb2 Re7 34.Qxb8+ Kxb8 35.Rxd2  1-0

[Event "10th EICC w"]
[Site "St Petersburg RUS"]
[Date "2009.03.12"]
[Round "5"]
[White "Abuladze,L"]
[Black "Papadopoulou,V"]
[Result "1-0"]
[WhiteElo "2029"]
[BlackElo "2190"]

1.e4 d5 2.exd5 Qxd5 3.Nc3 Qd6 4.d4 Nf6 5.Nf3 c6 6.Ne5 Nbd7 7.f4 Nb6 8.g4 Qc7
9.g5 Nfd5 10.Ne4 Bf5 11.Bg2 e6 12.O-O h6 13.c4 Nb4 14.a3 Na6 15.Qh5 Rd8 16.Be3 Rh7
17.Qf3 Rh8 18.Ng3 hxg5 19.Nxf5 exf5 20.fxg5 g6 21.Bf4 Qc8 22.Rae1 Be7 23.Qe3 Qe6
24.Qc3 Qc8 25.Re2 Kf8 26.d5 Rh7 27.dxc6 Bc5+ 28.Kh1 Bd4 29.cxb7 Qe6 30.Qf3 Bxe5
31.Rxe5 Qxc4 32.Rc1 Qd4 33.Ra5 Rh4 34.Be3 Qd6 35.h3 Nc4 36.Rb5 Nxe3 37.Qxe3 Rd4
38.Re1 Qd7 39.Qe5 Kg8 40.b8=Q Nxb8 41.Rxb8  1-0

[Event "24th OCF FIDE P-66 Ch Cl"]
[Site "Bartlesville USA"]
[Date "2009.03.14"]
[Round "3"]
[White "Whitcomb,B"]
[Black "Graham,S"]
[Result "1-0"]
[WhiteElo "2033"]
[BlackElo "2082"]

1.e4 d5 2.exd5 Qxd5 3.Nc3 Qd6 4.d4 Nf6 5.Bd3 a6 6.Nge2 Nc6 7.Bf4 Qd8 8.a3 e6
9.O-O Bd6 10.Qd2 O-O 11.Bg5 Be7 12.Rad1 Kh8 13.Bxf6 Bxf6 14.Be4 Ne7 15.Ng3 Nd5
16.Nce2 Bg5 17.f4 Bh6 18.Qd3 f5 19.Bxd5 exd5 20.Qb3 Qd6 21.Rf3 Bd7 22.Rdf1 Bb5
23.a4 Bc4 24.Qc3 Rae8 25.R1f2 a5 26.Re3 Qb4 27.Qxb4 axb4 28.Nxf5 Rxe3 29.Nxe3 Bxe2
30.Rxe2 Bxf4 31.Nxd5 Bd6 32.b3 c5 33.Re6 Rd8 34.Nb6 cxd4 35.Nc4 Bc5 36.Kf1 h6
37.Ne5 Kh7 38.Nd3 Rc8 39.Ke1 Kg8 40.Kd2 Kf7 41.Nxc5 Rxc5 42.Rb6 Rf5 43.Rxb7+ Kf6
44.Rxb4 Rf2+ 45.Kd3 Rxg2 46.a5 Rxh2 47.a6 Rh3+ 48.Kxd4 Rh1 49.a7 Rd1+ 50.Kc5  1-0

[Event "10th EICC"]
[Site "Budva MNE"]
[Date "2009.03.15"]
[Round "9"]
[White "Leniart,A"]
[Black "Ekstroem,R"]
[Result "1/2-1/2"]
[WhiteElo "2360"]
[BlackElo "2495"]

1.e4 d5 2.exd5 Qxd5 3.Nc3 Qd6 4.d4 Nf6 5.Nf3 c6 6.Be2 Bg4 7.O-O Nbd7 8.Bg5 e6
9.Qd2 Qc7 10.Bf4 Bd6 11.Bxd6 Qxd6 12.Rad1 O-O 13.h3 Bxf3 14.Bxf3 Rad8 15.Ne4 Nxe4
16.Bxe4 Nf6 17.Bd3 Rd7 18.c3 Rfd8 19.Qe3 Nd5 20.Qe4 Nf6 21.Qf3 Qd5 22.Qxd5 Rxd5
23.Bc4 R5d6 24.Rde1 Kf8 25.f4 g6 26.g4 b5 27.Bb3 b4 28.f5 exf5 29.gxf5 g5
30.Re5 Nd5 31.f6 bxc3 32.bxc3 h6 33.h4 Nxc3 34.Re7 Rxf6 35.Rxf7+ Rxf7 36.Rxf7+ Ke8
37.hxg5 hxg5 38.Rxa7 Rxd4 39.Rc7 Rd6 40.Rg7 Ne4 41.Bc2 Kf8 42.Rc7 Nc3 43.Bb3 Nb5
44.Rf7+ Ke8 45.Rg7 Nd4 46.Kg2 Nxb3 47.axb3 Rd5 48.Kf3 Rb5 49.b4 Kd8 50.Ke3 Rd5
51.Ke4 Kc8 52.Kf3 Re5 53.Kg4 Rb5 54.Rxg5 Rxb4+ 55.Kf3 Rd4 56.Ke3 Rd7 57.Rg4 Kc7
58.Rd4 Rh7 59.Kd3 c5 60.Rg4 Kc6 61.Kc4 Rh6  1/2-1/2

[Event "10th EICC"]
[Site "Budva MNE"]
[Date "2009.03.15"]
[Round "9"]
[White "Mastrovasilis,D"]
[Black "Tiviakov,S"]
[Result "1-0"]
[WhiteElo "2580"]
[BlackElo "2684"]

1.e4 d5 2.exd5 Qxd5 3.Nc3 Qd6 4.d4 Nf6 5.Nf3 c6 6.Ne5 Nbd7 7.Bf4 Nd5 8.Bg3 Nxc3
9.bxc3 Nxe5 10.Bxe5 Qa3 11.Qd2 Qb2 12.Rd1 Qxa2 13.Bd3 f6 14.Bf4 Qe6+ 15.Be2 Qf7
16.O-O e6 17.c4 e5 18.dxe5 Be7 19.exf6 Qxf6 20.c5 O-O 21.Bc4+ Be6 22.Bxe6+ Qxe6
23.Bd6 Rf7 24.Rfe1 Qf6 25.Re4 Rd8 26.g3 Qg6 27.Qe2 Bxd6 28.cxd6 Rxd6 29.Re8+ Rf8
30.Qc4+ Rd5 31.Rxf8+ Kxf8 32.Rxd5 cxd5 33.Qc5+ Kf7 34.Qxd5+ Ke8 35.Qxb7 Qxc2
36.Qb8+ Kf7 37.Qxa7+ Kf8 38.Qa8+ Kf7 39.Qd5+ Kf8 40.Kg2 h6 41.g4 Qb2 42.h3 g5
43.h4 gxh4 44.Qd8+ Kg7 45.Qxh4 Qe2 46.Qg3 Qe4+ 47.Qf3 Qd4 48.Qf5 Qc3 49.Qd7+ Kf6
50.Qh7 Qc6+ 51.Kg3 Qc1 52.Qf5+ Kg7 53.Qd7+ Kg6 54.Qd6+ Kg7 55.Qe5+ Kg6 56.Qe4+ Kg7
57.Qe3 Qc6 58.f3 Qd6+ 59.f4 Qd8 60.Qe5+ Kf7 61.Qf5+ Kg7 62.Qe5+ Kf7 63.Qe4 Kg7
64.Kh3 Qd2 65.Qe5+ Kf7 66.Qc7+ Kf6 67.Qc6+ Kg7 68.Qf3 Qd4 69.Qb7+ Kf6 70.Qc6+ Kg7
71.Qf3 Kf7 72.f5 Qf6 73.Qd5+ Kg7 74.Qd7+ Kf8 75.Qe6 Qg5 76.f6 Qg6 77.Kh4 Qg5+
78.Kg3 Qc5 79.Kh4 Qg5+ 80.Kh3 Qg6 81.Qe7+ Kg8 82.Kh4 Qg5+ 83.Kg3 Qg6 84.Qe6+ Kf8
85.Kf4 Qg5+ 86.Ke4 Qc5 87.Qd5 Qxd5+ 88.Kxd5 Kf7 89.Ke5 Kf8 90.Ke6 Ke8 91.f7+ Kf8
92.Kf6 h5 93.g5 h4 94.g6  1-0

[Event "10th EICC"]
[Site "Budva MNE"]
[Date "2009.03.16"]
[Round "10"]
[White "Kadric,D"]
[Black "Simeonidis,I"]
[Result "1/2-1/2"]
[WhiteElo "1982"]
[BlackElo "2303"]

1.e4 d5 2.exd5 Qxd5 3.Nc3 Qd6 4.d4 c6 5.Bc4 Nf6 6.Nge2 Bg4 7.f3 Bf5 8.Bf4 Qb4
9.Bb3 e6 10.Qd2 Qa5 11.Ng3 Bg6 12.Nce4 Qxd2+ 13.Bxd2 Be7 14.O-O-O O-O 15.c3 Nbd7
16.Bc2 c5 17.dxc5 Nxc5 18.Nxf6+ Bxf6 19.Be3 Be7 20.Rd2 a5 21.Rhd1 f5 22.f4 Rfc8
23.Re2 Bf7 24.Bxc5 Bxc5 25.Bb3 Ra6 26.Rd7 b5 27.Rb7 a4 28.Bc2 Bg1 29.h3 Bh2
30.Re3 Bg1 31.Rd3 Rb6 32.Rdd7 Be3+ 33.Kd1 Rxb7 34.Rxb7 Rd8+ 35.Ke2 Bxf4 36.Nf1 Rb8
37.Rxb8+ Bxb8 38.Bd3 a3 39.b3 e5 40.Nd2 e4 41.Bxb5 Be5 42.Nc4 Bxc3 43.Nxa3 Kf8
44.Nc4 Ke7 45.a4 Kf6 46.a5 Bxc4+ 47.Bxc4 Bxa5 48.Bd5 Bb4 49.Bc6 Bc5 50.Bd7 g6
51.Bb5 Kg5 52.Bc4 h5 53.Bf7 Kf6 54.Be8 h4 55.Kf1 g5 56.Bd7 Ke5 57.Bc8 Kf4
58.Bd7 g4 59.hxg4 fxg4 60.Bc8 Kg3 61.Bb7 e3 62.Bc6 h3 63.gxh3 gxh3 64.Bb7 Kf4
65.Ke2 Ke5 66.Kd3 h2 67.Bc6 Kf5 68.Ke2 Kg4 69.Bb7 Kf4 70.Bc6 Ke5 71.Ba8 Kd4
72.Bh1 Kc3 73.Bd5 h1=Q 74.Bxh1 Kxb3  1/2-1/2

[Event "10th EICC w"]
[Site "St Petersburg RUS"]
[Date "2009.03.16"]
[Round "8"]
[White "Majdan,J"]
[Black "Gaponenko,I"]
[Result "1-0"]
[WhiteElo "2351"]
[BlackElo "2450"]

1.e4 d5 2.exd5 Qxd5 3.Nc3 Qd6 4.d4 Nf6 5.Nf3 c6 6.g3 Bg4 7.Bg2 e6 8.a3 Be7
9.Bf4 Qd8 10.Qd2 Nbd7 11.Ne5 Bh5 12.h3 O-O 13.g4 Bg6 14.Nxg6 hxg6 15.Bg3 Rc8
16.O-O Nb6 17.Qd3 Nbd5 18.Ne2 b5 19.b3 Qa5 20.c3 Rfd8 21.a4 b4 22.c4 Nc3
23.Nxc3 bxc3 24.Qe3 Qb6 25.Qxc3 Bb4 26.Qf3 Rxd4 27.Be5 Rd2 28.a5 Qc5 29.Bf4 Rd7
30.a6 e5 31.Be3 Qe7 32.g5 Ne8 33.Rad1 Nd6 34.h4 Nf5 35.Rxd7 Qxd7 36.h5 gxh5
37.Qxh5 g6 38.Qf3 Nd4 39.Bxd4 exd4 40.Bh3 Qc7 41.Bxc8 Qxc8 42.Kg2 Bf8 43.Re1 Qd7
44.Re2 Bb4 45.Qe4 Bf8 46.Rd2 Bg7 47.Rd3 Qc8 48.Rf3 Qd7 49.b4 Bf8 50.Rd3 Bxb4
51.Qxd4 Qf5 52.Rh3 Qxg5+ 53.Kh2 f6 54.Qd8+ Bf8 55.Qc7 Bc5 56.Qc8+ Bf8 57.Qe6+  1-0

[Event "10th EICC w"]
[Site "St Petersburg RUS"]
[Date "2009.03.16"]
[Round "8"]
[White "Mkrtchian,L"]
[Black "Foisor,C"]
[Result "1/2-1/2"]
[WhiteElo "2460"]
[BlackElo "2412"]

1.e4 d5 2.exd5 Qxd5 3.Nc3 Qd6 4.g3 Nf6 5.Bg2 a6 6.Nge2 Nc6 7.d4 e5 8.d5 Ne7
9.f4 Ng6 10.fxe5 Qxe5 11.Qd4 Bd6 12.Qxe5+ Bxe5 13.Be3 O-O 14.h3 Re8 15.Kf2 Bf5
16.Rac1 Rad8 17.Rhd1 h6 18.Rd2 Bd6 19.Bd4  1/2-1/2

[Event "10th EICC w"]
[Site "St Petersburg RUS"]
[Date "2009.03.17"]
[Round "9"]
[White "Andriasian,S"]
[Black "Styazhkina,A"]
[Result "1-0"]
[WhiteElo "2262"]
[BlackElo "1926"]

1.e4 d5 2.exd5 Qxd5 3.Nc3 Qd6 4.d4 Nf6 5.Nf3 a6 6.Bd3 Nc6 7.O-O Bg4 8.Ne4 Nxe4
9.Bxe4 O-O-O 10.c3 f5 11.Bxc6 Qxc6 12.Qc2 e6 13.Ne5 Qe8 14.Nxg4 fxg4 15.Qe4 Bd6
16.Qxg4 h5 17.Qe4 Qf7 18.b4 Qf6 19.h4 Rde8 20.Bg5 Qf7 21.a4 Be7 22.f4 Bxg5
23.fxg5 Qd7 24.b5 a5 25.Rae1 Re7 26.Rf3 Rhe8 27.Qe5 Qd6 28.Rfe3 Qa3 29.g6 Qxa4
30.Qc5 Kb8 31.Qxh5 Qb3 32.Qe2 a4 33.c4 Qb4 34.Qa2 Rd7 35.Rb1 Qd6 36.Re4 e5
37.Qxa4 Qxg6 38.Ra1 c6 39.b6  1-0

[Event "10th EICC w"]
[Site "St Petersburg RUS"]
[Date "2009.03.19"]
[Round "11"]
[White "Dolzhikova,K"]
[Black "Fakhiridou,E"]
[Result "0-1"]
[WhiteElo "2294"]
[BlackElo "2257"]

1.e4 d5 2.exd5 Qxd5 3.Nc3 Qd6 4.d4 Nf6 5.Nf3 c6 6.Ne5 Nbd7 7.Nc4 Qc7 8.Qf3 Nb6
9.Bf4 Qd8 10.Be5 Be6 11.Ne3 Nbd5 12.Ne4 Nxe4 13.Qxe4 Qa5+ 14.Kd1 Qb4 15.Nc4 Qxb2
16.Nxb2 Nc3+ 17.Ke1 Nxe4 18.Nd3 f6 19.Bf4 g5 20.Be3 Bg7 21.f3 Nd6 22.Nc5 Bd5
23.Bd3 f5 24.c3 Bf6 25.Kf2 b6 26.Na6 Kd7 27.a4 f4 28.Bd2 Bc4 29.Ke2 e5 30.dxe5 Rae8
31.Bxc4 Nxc4 32.Kd3 Nxe5+ 33.Kc2 c5 34.a5 Kc6 35.axb6 axb6 36.Ra4 Rhf8 37.c4 Nxc4
38.Rxc4 Kb5 39.Rxc5+ bxc5 40.Nc7+ Kc4 41.Nxe8 Rxe8 42.Re1 Ra8 43.Rb1 Ra2+
44.Kc1 Bc3  0-1

[Event "10th EICC w"]
[Site "St Petersburg RUS"]
[Date "2009.03.19"]
[Round "11"]
[White "Kochetkova,J"]
[Black "Akatova,E"]
[Result "1-0"]
[WhiteElo "2315"]
[BlackElo "2261"]

1.e4 d5 2.exd5 Qxd5 3.Nc3 Qd6 4.d4 Nf6 5.Nf3 Bg4 6.g3 c6 7.Bg2 e6 8.O-O Nbd7
9.Bf4 Qb4 10.Qd2 h6 11.Ne5 Nxe5 12.Bxe5 Be7 13.a3 Qb6 14.b3 O-O 15.Rfe1 Bf5
16.Ne4 Bxe4 17.Bxe4 Rad8 18.Bd3 Ng4 19.Re4 Nxe5 20.dxe5 Bg5 21.Qe2 Rd4 22.Rxd4 Qxd4
23.Rd1 Kh8 24.h4 Bd8 25.Bc4 Qc3 26.Rd7 Bb6 27.Kg2 g6 28.h5 g5 29.Qe4  1-0

[Event "4NCL 2008-9"]
[Site "Hinckley Island ENG"]
[Date "2009.03.21"]
[Round "7"]
[White "Berzinsh,R"]
[Black "Zeidler,S"]
[Result "1/2-1/2"]
[WhiteElo "2420"]
[BlackElo "2231"]

1.e4 d5 2.exd5 Qxd5 3.Nc3 Qd6 4.d4 Nf6 5.Nf3 c6 6.Ne5 Nbd7 7.Bf4 Nd5 8.Ne4 Qe6
9.Qf3 Nxf4 10.Qxf4 Nxe5 11.dxe5 Qf5 12.Qxf5 Bxf5 13.Bd3 e6 14.O-O-O Bxe4
15.Bxe4 Bc5 16.Rhf1 Ke7 17.c3 a5 18.f4 g6 19.Kc2 Rad8 20.Rde1 h5 21.Re2 Rd7
22.a4 Ba7 23.Rf3 Rhd8 24.Bd3 Rb8 25.Be4 Rbd8 26.Bd3 Rb8 27.g3 b5 28.Re4 Rdb7
29.axb5 cxb5 30.b4 axb4 31.cxb4 Bg1 32.h3 Ra8 33.Kb2 Rba7 34.Bb1 Rd7 35.Rd3 Rad8
36.Rxd7+ Rxd7 37.Kc3 Rc7+ 38.Kd2 Bh2 39.Bd3 Rb7 40.g4 hxg4 41.hxg4 Rd7 42.g5 Rd5
43.Ke2  1/2-1/2

[Event "3rd Georgi Agzamov Mem"]
[Site "Tashkent AZE"]
[Date "2009.03.21"]
[Round "6"]
[White "Filippov,An UZB"]
[Black "Golod,V"]
[Result "1-0"]
[WhiteElo "2558"]
[BlackElo "2575"]

1.e4 d5 2.exd5 Qxd5 3.Nc3 Qd8 4.d4 Nf6 5.Bg5 h6 6.Bxf6 exf6 7.Bc4 Bb4 8.Qe2+ Qe7
9.O-O-O Bxc3 10.bxc3 Qxe2 11.Nxe2 Nc6 12.Rhe1 O-O 13.Nf4 Na5 14.Bb3 Bd7 15.Re7 Nxb3+
16.axb3 Rfd8 17.Rde1 Kf8 18.c4 Re8 19.Rxe8+ Rxe8 20.Rxe8+ Bxe8 21.Nh5 f5
22.f4 f6 23.Ng3 g6 24.Nf1 Ke7 25.Ne3 Bc6 26.d5 Bd7 27.c5 c6 28.c4 h5 29.Kd2 Be8
30.Kc3 Kd8 31.Kb4 Kc7 32.Ka5 Bd7 33.b4 Bc8 34.b5 b6+ 35.Kb4 cxb5 36.cxb5 Bb7
37.c6 Bc8 38.Nc4 Kd8 39.Nd6 a5+ 40.Kc3 Kc7 41.Nc4  1-0

[Event "Open A"]
[Site "Zagreb CRO"]
[Date "2009.03.22"]
[Round "2"]
[White "Dutina,D"]
[Black "Mrdja,M"]
[Result "1/2-1/2"]
[WhiteElo "2287"]
[BlackElo "2386"]

1.e4 d5 2.exd5 Qxd5 3.Nc3 Qd6 4.d4 Nf6 5.Nb5 Qd8 6.c4 c6 7.Nc3 g6 8.h3 Bg7
9.Nf3 O-O 10.Bd3 Na6 11.O-O c5 12.d5 e6 13.dxe6 Bxe6 14.a3 Nb8 15.Bf4 Nc6
16.Qc2 a6 17.Rfd1 Qe7 18.Ne4 Nxe4 19.Bxe4 Nd4 20.Nxd4 Bxd4 21.Re1 Rad8 22.Rad1 Rfe8
23.b3 b5 24.cxb5 Qf6 25.Bg3 axb5 26.b4 cxb4 27.axb4 Bc4 28.Bf3 Rxe1+ 29.Rxe1 Bc3
30.Bh4 Qg7 31.Bxd8 Bxe1 32.Be7 h5 33.Qd1 Bc3 34.Bc5 Qe5 35.Qc1 Kh7 36.Bf8 Bd4
37.Qd2 Kg8 38.Bh6 Bc3 39.Qd8+ Kh7 40.Be3 Be6 41.g4 Qg7 42.Bc5 Bf6 43.Qd3 Bc4
44.Qe3 hxg4 45.hxg4 Qh6 46.Qxh6+ Kxh6 47.Be3+ Bg5 48.Kg2 Bxe3 49.fxe3 Kg5
50.Kg3 Bd3 51.Bc6 Kf6 52.Kf3 g5 53.e4 Ke5 54.Ke3 Bc4 55.Bd7 Be6 56.Bxb5 Bxg4
57.Be8 f6 58.b5 Kd6 59.Kd4 Bc8 60.Bc6 Be6 61.Be8 Bb3 62.Bc6 Ba4 63.Be8 Bd1
64.Bc6 g4 65.Ke3 g3 66.Bd5 Kc5 67.Be6 g2 68.Kf2 Bf3 69.Bh3 Bxe4 70.Bxg2 Bxg2
71.Kxg2  1/2-1/2

[Event "Open A"]
[Site "Zagreb CRO"]
[Date "2009.03.22"]
[Round "2"]
[White "Bachmann,Ax"]
[Black "Plenkovic,Z"]
[Result "1-0"]
[WhiteElo "2563"]
[BlackElo "2354"]

1.e4 d5 2.exd5 Qxd5 3.Nc3 Qd6 4.d4 g6 5.Nf3 Bg7 6.Nb5 Qb6 7.a4 c6 8.a5 Qd8
9.Nc3 Nf6 10.Bc4 O-O 11.h3 Na6 12.O-O Nb4 13.Bb3 Nbd5 14.Ne5 a6 15.Re1 Be6
16.Nxd5 cxd5 17.Nd3 Bd7 18.Bf4 Bc6 19.c3 Nd7 20.Bg5 Re8 21.Qf3 h6 22.Bh4 Bf6
23.Bxf6 Nxf6 24.Ne5 Kg7 25.Bc2 Qd6 26.Re3 Rf8 27.Rae1 Be8 28.Nd3 Ng8 29.Nf4 Rd8
30.Re5 Bc6 31.Qg3 Kh8 32.Re6 Qd7 33.Nxg6+ fxg6 34.Qxg6 Nf6 35.Qxh6+ Kg8 36.Bh7+ Nxh7
37.Rg6+  1-0